000 01294cab a2200277 4500
001 E84576
008 090401t1997 xxu||||| |||| 00| 0 eng d
035 _a(Sirsi) u78972
041 _aeng
245 _aKildrummy (Jersey) Ltd v Calder (No2)
260 _c1997
350 _a0
490 _aScots Law Times
_v1997 SLT 186-191(6)
520 _aOuter House. 18 January 1996. Landlord and tenant - agricultural holding - notice to quit - title to serve - assignation of invalid lease of whole estate of which holding formed part - whether effective to constitute interposed lease - whether proprietors retained right to serve notice on tenant of holding - whether misrepresentation by proprietors inducing tenant to accept renunciation of tenancy - Agricultural Holdings (Scotland) Act 1949 , s93 - Land Tenure Reform (Scotland) Act 1974, s17(2).
650 _aAGRICULTURAL HOLDINGS (SCOTLAND) ACT 1949
650 _aAGRICULTURAL HOLDINGS
650 _aASSIGNATION
650 _aLAND TENURE REFORM (SCOTLAND) ACT 1974 S17
650 _aLAND TENURE REFORM (SCOTLAND) ACT 1974
650 _aLANDLORD AND TENANT
_96252
650 _aNOTICE TO QUIT
650 _aQUIT NOTICES
690 _aLANDLORD AND TENANT-CASE LAW-AGRICULTURAL TENANCIES
942 _n0
948 _c17/06/1997
999 _c49626
_d49626